00523nam a2200193 a 4500001001300000003000900013005001700022008004100039020002300080082001300103100001900116245004500135260003500180300000900215500003500224505002800259650002300287700001900310nice12345678IN_TiNIC20260116012250.0050524s1993 lona grp 000 0 eng  a0563416 c10000a297bAHM aAhmad, Akbar S aFrom Samarkand to Stornoway Living Islam aLondonbBBC Book Limitedc1993 a224p aincludes index and biblioraphy2 aAppendix, Biblio, Index aIslam-20th Century1 aAhmad, Akbar S